01565nam a2200337 a 4500001001000000003000500010005001700015008004100032010001100073011001100084040000900095090001000104100004500114245023600159260004100395500006000436502011300496590004000609590004000649650003200689650003000721650004300751650004500794856007000839901000700909942001000916942000600926999001900932952014000951952013601091000111428CHAP20240530181905.0150410s2014 mx a |sm |||||||spa d a107890 a108862 cCHAP aTesis1 aLaureano López, Bernabéd198696511210aElavoración y caracterización de pelicula biodegradables a base de mucilago de nopal (Opuntia spp.) en combinaciones con otros polímeros y adicionadas con un extracto antifúngicoh[En línea]cpor Bernabe Laureano López. aChapingo, Méx. :bEl autor,c2014. aPara ver el contenido del material haga clic en la liga aTesis (M. C. en Ciencia y Tecnología Agroalimentaria) -- UACH. Departamento de Ingeniería Agroindustrial aE5652GLJb05c20150410lUCH01h0939 aE5652GLJb05c20150410lUCH01h093914aExtractos vegetales.93921414aNopalxMucílago.98168614aPapayaxMateriales de empaque.912929514aPapayaxTecnología postcosecha.985359 aFinding aiduhttp://10.13.5.2/tesis/sist111428.pdfzTeclea aquí aBK cTESIS n0 c107890d107890 00102local4053708TESISaBCbBCcPA_TESISd2015-04-10fTESISl0oTesisp33724002481149r2019-12-31 00:00:00tc.2w2019-12-31yTESIS 00104054718TESISaBCbBCd2015-04-10fTESISl0oTesisp33724002481181r2019-12-31 00:00:00w2019-12-31yTESISzRecien adquirido